| 000 | 00311 a2200133 4500 | ||
|---|---|---|---|
| 999 |
_c321603 _d321603 |
||
| 001 | 86530 | ||
| 003 | NUST | ||
| 005 | 20180123095715.0 | ||
| 008 | 180123b xxu||||| |||| 00| 0 eng d | ||
| 082 | _a398.205491TAN | ||
| 100 |
_aShafqat Tanveer Mirza _99550 |
||
| 245 |
_aHashim Shah _hUrdu |
||
| 260 |
_aIslamabad _bLok Virsa _c2011 |
||
| 300 | _a214p. | ||
| 500 | _aLok Virsa | ||
| 942 |
_aCAENUST _cBK _k398.205491TAN _2ddc |
||